European Romance Languages Speaking Countries - Statistics

General Stats
  • This quiz has been taken 305 times
    157 since last reset
  • The average score is 15 of 17
Answer Stats
Status Country % Correct
Official France
100%
Official Spain
99%
Official Italy
98%
Official Portugal
98%
Official Romania
98%
Official Andorra
96%
Co-official Switzerland
95%
Co-official Belgium
94%
Official Vatican City
92%
Official Moldova
90%
Official San Marino
90%
Official Monaco
88%
Co-official Luxembourg
87%
Regionally Co-official Slovenia
80%
Regionally Co-official Croatia
77%
Regionally Co-official Serbia
65%
Official Minority North Macedonia
41%
No matching quizzes found
Score Distribution
Percent of People with Each Score
Percentile by Number Answered
Your Score History
You have not taken this quiz since the last reset